Comuni della Provincia di Bergamo - Statistics

Statistiche generali
  • Questo quiz è stato fatto 82 volte
  • Il punteggio medio è 128 su 243
Statistiche sulle risposte
Comune % Corretto
Bergamo
88%
Dalmine
83%
Brembate
80%
Treviglio
80%
Almè
78%
Orio al Serio
78%
Capriate San Gervasio
71%
Caravaggio
71%
Clusone
71%
Albino
68%
Almenno San Salvatore
68%
Alzano Lombardo
68%
Curno
68%
Seriate
68%
Verdellino
68%
Verdello
68%
Zanica
68%
Brembate di Sopra
66%
Costa Volpino
66%
Lovere
66%
Osio Sopra
66%
Osio Sotto
66%
Urgnano
66%
Arcene
63%
Boltiere
63%
Calcinate
63%
Ciserano
63%
Foppolo
63%
Grumello del Monte
63%
Villa d'Almè
63%
Almenno San Bartolomeo
61%
Azzano San Paolo
61%
Bolgare
61%
Bonate Sopra
61%
Bonate Sotto
61%
Fara Gera d'Adda
61%
Gorle
61%
Pontida
61%
Romano di Lombardia
61%
San Pellegrino Terme
61%
Stezzano
61%
Torre Boldone
61%
Antegnate
59%
Bottanuco
59%
Brusaporto
59%
Caprino Bergamasco
59%
Castelli Calepio
59%
Chiuduno
59%
Colere
59%
Comun Nuovo
59%
Endine Gaiano
59%
Isso
59%
Nembro
59%
Ponte San Pietro
59%
San Giovanni Bianco
59%
Treviolo
59%
Vertova
59%
Adrara San Martino
56%
Adrara San Rocco
56%
Albano Sant'Alessandro
56%
Bagnatica
56%
Bariano
56%
Berbenno
56%
Calcio
56%
Castione della Presolana
56%
Chignolo d'Isola
56%
Cologno al Serio
56%
Entratico
56%
Gandino
56%
Lallio
56%
Levate
56%
Madone
56%
Mapello
56%
Martinengo
56%
Mozzanica
56%
Mozzo
56%
Piazza Brembana
56%
Rovetta
56%
San Paolo d'Argon
56%
Sarnico
56%
Schilpario
56%
Trescore Balneario
56%
Valbrembo
56%
Villa di Serio
56%
Zogno
56%
Branzi
54%
Calusco d'Adda
54%
Calvenzano
54%
Casazza
54%
Castro
54%
Cavernago
54%
Covo
54%
Dossena
54%
Fara Olivana con Sola
54%
Filago
54%
Foresto Sparso
54%
Ghisalba
54%
Gorlago
54%
Gromo
54%
Leffe
54%
Mornico al Serio
54%
Palosco
54%
Ponte Nossa
54%
Ranica
54%
Sedrina
54%
Sotto il Monte Giovanni XXIII
54%
Sovere
54%
Torre de' Roveri
54%
Villongo
54%
Zandobbio
54%
Ardesio
51%
Arzago d'Adda
51%
Azzone
51%
Barbata
51%
Bracca
51%
Brignano Gera d'Adda
51%
Canonica d'Adda
51%
Carona
51%
Carvico
51%
Casirate d'Adda
51%
Castel Rozzone
51%
Cenate Sopra
51%
Cenate Sotto
51%
Cene
51%
Cerete
51%
Cisano Bergamasco
51%
Cividate al Piano
51%
Costa di Mezzate
51%
Gandellino
51%
Gandosso
51%
Grassobbio
51%
Medolago
51%
Morengo
51%
Paladina
51%
Palazzago
51%
Pedrengo
51%
Piario
51%
Ponteranica
51%
Pumenengo
51%
Rogno
51%
Scanzorosciate
51%
Telgate
51%
Torre Pallavicina
51%
Villa d'Adda
51%
Algua
49%
Ambivere
49%
Brumano
49%
Cortenuova
49%
Gazzaniga
49%
Luzzana
49%
Olmo al Brembo
49%
Oltre il Colle
49%
Pagazzano
49%
Pognano
49%
Sorisole
49%
Spirano
49%
Suisio
49%
Taleggio
49%
Ubiale Clanezzo
49%
Valbondione
49%
Valgoglio
49%
Valleve
49%
Vigolo
49%
Villa d'Ogna
49%
Vilminore di Scalve
49%
Averara
46%
Barzana
46%
Bedulita
46%
Bianzano
46%
Blello
46%
Carobbio degli Angeli
46%
Casnigo
46%
Colzate
46%
Costa Valle Imagna
46%
Credaro
46%
Cusio
46%
Fino del Monte
46%
Fontanella
46%
Fonteno
46%
Fornovo San Giovanni
46%
Gaverina Terme
46%
Lurano
46%
Misano di Gera d'Adda
46%
Montello
46%
Oneta
46%
Onore
46%
Parre
46%
Parzanica
46%
Peia
46%
Pontirolo Nuovo
46%
Premolo
46%
Roncobello
46%
Roncola
46%
Santa Brigida
46%
Serina
46%
Terno d'Isola
46%
Val Brembilla
46%
Aviatico
44%
Berzo San Fermo
44%
Bossico
44%
Camerata Cornello
44%
Cassiglio
44%
Cazzano Sant'Andrea
44%
Corna Imagna
44%
Costa Serina
44%
Lenna
44%
Moio de' Calvi
44%
Piazzatorre
44%
Piazzolo
44%
Presezzo
44%
Ranzanico
44%
Songavazzo
44%
Valnegra
44%
Valtorta
44%
Viadanica
44%
Borgo di Terzo
41%
Capizzone
41%
Cornalba
41%
Fiorano al Serio
41%
Fuipiano Valle Imagna
41%
Gorno
41%
Isola di Fondra
41%
Locatello
41%
Pradalunga
41%
Predore
41%
Riva di Solto
41%
Sant'Omobono Terme
41%
Selvino
41%
Solza
41%
Strozza
41%
Tavernola Bergamasca
41%
Torre de' Busi
41%
Mezzoldo
39%
Monasterolo del Castello
39%
Oltressenda Alta
39%
Ornica
39%
Pianico
39%
Rota d'Imagna
39%
Solto Collina
39%
Vedeseta
39%
Vigano San Martino
37%
Grone
34%
Spinone al Lago
34%
Nessun quiz corrispondente trovato
Distribuzione punteggi
Percentuale di utenti per punteggio
Percentile per numero di risposta
I tuoi punteggi nel tempo
Non hai fatto questo quiz